Stati senza Partiti politici - Statistics

Statistiche generali
  • Questo quiz è stato fatto 36 volte
  • Il punteggio medio è 7 su 11
Statistiche sulle risposte
Continente Nazione % Corretto
Europa Città del Vaticano
90%
Asia Emirati Arabi Uniti
68%
Asia Arabia Saudita
65%
Asia Oman
61%
Asia Qatar
58%
Asia Kuwait
55%
Oceania Palau
55%
Oceania Tuvalu
55%
Asia Bahrein
52%
Asia Afghanistan
48%
Oceania Stati Federati di Micronesia
45%
Nessun quiz corrispondente trovato
Distribuzione punteggi
Percentuale di utenti per punteggio
Percentile per numero di risposta
I tuoi punteggi nel tempo
Non hai fatto questo quiz